Lesy rozprávajú /

Uložené v:
Podrobná bibliografia
Hlavný autor: Zarembová, Rozália
Médium: Kniha
Jazyk:Slovak
Vydané: Košice : Krajské nakladateľstvo všeobecnej literatúry, 1961.
Vydanie:1. vyd.
ISBN: (viaz.)
Fyzický popis: 156 s.
Tagy: Pridať tag
Žiadne tagy, Buďte prvý kto otaguje tento záznam!

MARC

LEADER 00000nam a22000004a 4500
001 000362913
005 20100629132712.0
008 100629s1961 xo slo d
020 |a (viaz.)  |c Kčs 7,50 
040 |a SVKKK  |b slo  |c SVKKK  |e AACR2 
041 0 |a slo 
044 |a xo  |c SK 
100 1 |a Zarembová, Rozália 
245 1 0 |a Lesy rozprávajú /  |c Rozália Zarembová. 
250 |a 1. vyd. 
260 |a Košice :  |b Krajské nakladateľstvo všeobecnej literatúry,  |c 1961. 
300 |a 156 s. 
910 |a svkkk 
998 |a BK 
090 |g SCKHL  |k Študovňa historických fondov a regionálnej lit.(Pri Mikl.väzn.1)  |a II.119634  |j 303988  |i 2720208940  |s Príručka / Študovňa